000 00997nam2a22002771 4500
001 RU\NLR\A1SV\14794
005 20260225112254.1
035 _a(NLR Aleph) 009700061
090 _a13478014
_c13478014
100 _a19800104d1925 u y0rusy50 ca
101 0 _arus
200 0 _aВып.8
210 _aМ.
_aЛ.
_cГос. изд-во
_d1925
215 _a231, [1] с.
300 _aВып. под. ред. А.Ф.Рындича
461 1 _1001RU\NLR\A1SV\14786
_12000#$vВып.8
_99780531
_cМ.
_d1923-1927
_fПод общ. ред. [и с предисл.] Н.К.Крупской
_nКрас. новь
_oСб.
_tВ помощь школе взрослых повышенного типа
_vВып.8
620 _dМосква
620 _dСанкт-Петербург
702 1 _aРындич
_bА. Ф.
_f1893-1937
_gАдриан Филиппович
801 0 _aRU
_bNLR
_c19800104
852 _aNLR
_j10/410-8
942 _cBOOK
980 _aA1SV
980 _aA1SV
980 _aNB